LEADER 00907nam0-22003011i-450- 001 990006012850403321 005 20101228152124.0 035 $a000601285 035 $aFED01000601285 035 $a(Aleph)000601285FED01 035 $a000601285 100 $a20000112d1973----km-y0itay50------ba 101 0 $aeng 102 $aGB 105 $ay-------001yy 200 1 $aInternational Studies and the social sciences$eproblems, priorities and prospect in the United States$fJames N. Rosenau 210 $aLondon$cSage Publications$d1973 215 $a147 p.$d23 cm 225 1 $aSage Library of Social Research$v2 676 $a341 700 1$aRosenau,$bJames N.$0229045 801 0$aIT$bUNINA$gRICA$2UNIMARC 901 $aBK 912 $a990006012850403321 952 $aX M 231 (2)$b101734$fFGBC 959 $aFGBC 996 $aInternational Studies and the social sciences$9579470 997 $aUNINA LEADER 01572nam 2200421 450 001 000007721 005 20180613101958.0 010 $a88-384-4481-1 100 $a20010305d2000----km-y0itay0103----ba 101 0 $aita 102 $aIT 200 1 $aLupi$edalla parte del miglior nemico dell'uomo$fBarry Holstun Lopez$gnota di Fulco Pratesi$g[Traduzione di Leonardo Dehò] 205 $a2. ed. 210 $aCasale Monferrato (AL)$cPiemme$d2000 215 $a416 p., [8] c. di tav.$cill.$d22 cm. 304 $aTit. orig.: Of wolves and men 606 $aLupi 676 $a599.74442$v(20. ed.)$9Mammalia (Mammiferi). Canidae 700 1$aLopez,$bBarry Holstun$0440081 702 1$aPratesi,$bFulco$f<1934- > 801 0$aIT$bUniversità della Basilicata - B.I.A.$gRICA$2unimarc 912 $a000007721 996 $aLupi$974910 997 $aUNIBAS BAS $aMONAGR BAS $aMONOGR BAS $aAGRARIA CAT $aTORRE$b20$c20010305$lBAS01$h1234 CAT $aTORRE$b20$c20010305$lBAS01$h1248 CAT $c20050601$lBAS01$h1754 CAT $abatch$b01$c20050718$lBAS01$h1049 CAT $c20050718$lBAS01$h1108 CAT $c20050718$lBAS01$h1138 CAT $c20050718$lBAS01$h1153 CAT $aATR$b20$c20180613$lBAS01$h1019 FMT Z30 -1$lBAS01$LBAS01$mBOOK$1BASA2$APolo Tecnico-Scientifico$2DID$BDidattica$3PTS.s4.p26.25$697456$5A97456$820010305$f04$FPrestabile Didattica Z30 -1$lBAS01$LBAS01$mBOOK$1BASA2$APolo Tecnico-Scientifico$2DID$BDidattica$3PTS.s4.p26.25A$697457$5A99457$820010305$f04$FPrestabile Didattica